000 02064nam0a2200385 4500
001 RU\NLR\BIBL_A\011511074
005 20250626082526.0
010 _a978-5-9909445-6-5
_9400
021 _aRU
_b2017-75752
_95395
035 _a(RuMoRGB)009413892
035 _a(NLR Aleph) 011511074
090 _a12046962
_c12046962
100 _a20171101d2017 |||y0rusy50 ca
101 1 _arus
_ceng
102 _aRU
105 _ay z 001zy
200 1 _aОсвой самостоятельно С++ по одному часу в день
_e[описан С++14 и С++17]
_fСиддхартха Рао
_g[перевод с английского и редакция канд. техн. наук И. В. Красикова]
205 _a8-е изд.
210 _aМосква [и др.]
_cДиалектика
_cАльфа-книга
_d2017
215 _a751 с.
_cил., табл.
_d24
300 _aЗагл. и авт. ориг.: Sams teach yourself C++ in one hour a day / Siddhartha Rao
313 _aВ книге представлен полный курс обучения программированию с учетом стандарта С++14, С++17
320 _aПредм. указ.: с. 747-751
454 0 _1010$a978-0-7897-5774-6
_12000#$aSams teach yourself C++ in one hour a day
_1210##$aIndianapolis$cSAMS$dcop. 2017
_1700#0$aRao$bS.$gSiddhartha
_tSams teach yourself C++ in one hour a day
_aRao, Siddhartha
606 1 _aC++ 14, язык программирования
_jУчебные издания для самообразования
_92319717
_3RU\NLR\AUTH\6601612815
606 1 _aC++ 17, язык программирования
_jУчебные издания для самообразования
_92345349
_3RU\NLR\AUTH\6601624868
675 _a004.4
686 _aЗ973.26-018.19C++я78-1
_2rubbk
686 1 _aЗ973.23-018.1я78
700 1 _7ca
_8rus
_aРао
_bС.
_gСиддхартха
_9152156
_3RU\NLR\AUTH\770152194
942 _cBOOK
980 _aNBR
980 _aNB